Lazery segodnja i zavtra /

Enregistré dans:
Détails bibliographiques
Auteur principal: Stepanov, Boris Ivanovič (Auteur)
Format: Livre
Publié: Minsk : Nauka i technika, 1987
Tags: Ajouter un tag
Pas de tags, Soyez le premier à ajouter un tag!

MARC

LEADER 00000nam a22000003a 4500
001 stu15539
005 20150617225759.0
008 ------s1987----xxr---------------------d
040 |a STU  |b slo 
041 0
044 |a xxr 
080 |a 535.374:621.375.8 
100 1 |a Stepanov, Boris Ivanovič  |4 aut 
245 1 |a Lazery segodnja i zavtra /  |c [aut.]Stepanov,Boris Ivanovič 
260 |a Minsk :  |b Nauka i technika,  |c 1987 
300 |a 125 s 
996 |b C80502  |c C*80502  |l CCVI  |s P  |a 0  |w stu15539_0001